Νομοί της Ελλάδας - Statistics

General Stats
  • This quiz has been taken 181 times
  • The average score is 34 of 51
Answer Stats
Νομός % Correct
Έβρου
86%
Θεσσαλονίκης
85%
Αττικής
85%
Ξάνθης
83%
Ιωαννίνων
82%
Χανίων
80%
Ροδόπης
79%
Λάρισας
79%
Ηρακλείου
78%
Άρτας
76%
Αιτωλοακαρνανίας
75%
Λασιθίου
75%
Κοζάνης
74%
Σερρών
72%
Κιλκίς
72%
Χαλκιδικής
72%
Τρικάλων
72%
Μαγνησίας
72%
Κέρκυρας
72%
Μεσσηνίας
71%
Καβάλας
69%
Ζακύνθου
69%
Δράμας
68%
Ημαθίας
68%
Φλώρινας
67%
Καρδίτσας
67%
Κυκλάδων
67%
Φθιώτιδας
66%
Ηλείας
66%
Λευκάδας
65%
Πέλλας
62%
Πρέβεζας
62%
Λακωνίας
62%
Λέσβου
62%
Θεσπρωτίας
61%
Ευρυτανίας
61%
Αχαΐας
61%
Πιερίας
60%
Καστοριάς
59%
Γρεβενών
59%
Βοιωτίας
59%
Εύβοιας
59%
Αργολίδας
59%
Χίου
59%
Κορινθίας
57%
Αρκαδίας
56%
Κεφαλληνίας
56%
Φωκίδας
55%
Σάμου
54%
Δωδεκανήσου
53%
Ρεθύμνης
52%
No matching quizzes found
Score Distribution
Percent of People with Each Score
Percentile by Number Answered
Your Score History
You have not taken this quiz